000 00852nam a22002295i 4500
001 54932
003 ES-MaACL
005 20250728095553.0
007 t|
008 960730s1881 mx ||||1| spa d
040 _aCAM
_bspa
_cCAM
100 1 _aGarcía, Telesforo.
_954100
245 1 0 _aPolémica filosófica
_b: ¿garantiza mejor el progreso el sistema metafísico que el sistema experimental? /
_cTelesforo García.
260 _aMexico :
_b[s.n.],
_c1881 (
_fImp. de "La libertad")
300 _a51 p. ;
_c21 cm.
530 _aDisponible también en sitio web.
650 4 _aMetodología.
_9152890
650 0 7 _aKrausismo
_2embne
_914040
852 _aES-MaACL
_jT-366-F-12
856 _uhttp://bibliotecadigitalhispanica.bne.es:80/webclient/DeliveryManager?pid=3259337&custom_att_2=simple_viewer
_zIr a la página
999 _c54932
_d54932